Normal view
MARC view
Entry Topical Term
001 - CONTROL NUMBER
- control field: 11455
003 - CONTROL NUMBER IDENTIFIER
- control field: OSt
005 - DATE AND TIME OF LATEST TRANSACTION
- control field: 20170124182055.0
008 - FIXED-LENGTH DATA ELEMENTS
- fixed length control field: 170124|| aca||aabn | a|a d
040 ## - CATALOGING SOURCE
- Original cataloging agency: OSt
- Transcribing agency: OSt
150 ## - HEADING--TOPICAL TERM
- Topical term or geographic name entry element: MCQs Paediatrics
670 ## - SOURCE DATA FOUND
- Source citation: Work cat.: (OSt): Marshall, Tom; Cochran, Dominic; Bath, Louise 11454, MCQs in Paediatrics
